[Event "Groningen Festival 2019-A"]
[Site "Groningen"]
[Date "2019.12.23"]
[Round "3.3"]
[White "Ulybin, Mikhail"]
[Black "Ernst, Sipke"]
[Result "0-1"]
[WhiteElo "2453"]
[BlackElo "2541"]
[Annotator "TA"]
[PlyCount "74"]
[EventDate "2019.12.15"]
[EventType "swiss"]
[EventCountry "NED"]
[SourceTitle "playchess.com"]
[Source "ChessBase"]
[SourceQuality "1"]

{[%evp 16,76,11,-9,0,-9,-6,-10,-8,-10,-8,-8,-5,-14,-13,-46,-29,-35,-31,-31,-31,-55,-33,-36,-36,-43,-32,-57,-40,-45,0,-52,0,0,14,14,7,14,14,14,0,-43,-50,-43,-32,-20,-18,-21,0,0,0,-34,-37,-40,-45,-602,-594,-829,-799,-856,-666,-2197,-2124]} 1. d4 d5 2. c4 c6 3. Nf3 Nf6 4. Nc3 e6 5. e3 Nbd7 6. Bd3 dxc4 7. Bxc4 b5 8. Be2 Bb7 9. a3 a6 {D47: Semi-Slav: Meran System} 10. b4 a5 11. Rb1 axb4 {The position is equal.} 12. axb4 Nd5 13. Nxd5 exd5 14. O-O Bd6 15. Ne1 O-O 16. Nd3 Nb6 {[#]} 17. Nc5 $146 ({Predecessor:} 17. Qc2 Qh4 18. g3 Qe4 19. Re1 Nc4 20. Bf1 Bc8 21. Qc3 Bf5 22. Ra1 {½-½ (22) Spraggett,K (2633)-Petrosian,S (2391) Cappelle-la-Grande 2007}) 17... Bc8 18. Bd3 f5 (18... Re8 {is more complex.} 19. Qc2 Qh4 20. g3 Qh5 21. f3 Bh3) 19. g3 Ra7 20. Re1 Qe8 21. Bd2 Nc4 22. Bc3 Re7 23. Ra1 (23. Qf3 $11) 23... h5 ({Black should play} 23... g5 $15) 24. Qf3 $11 Bc7 25. Bxc4 dxc4 26. d5 cxd5 27. Qxd5+ Kh7 28. e4 f4 29. e5 fxg3 30. hxg3 Qg6 31. Qe4 Bf5 32. Qh4 Qf7 33. Ne4 Kg8 $1 {aiming for ...Bxe4.} 34. Ng5 $1 {[%cal Rg5f7]} Qg6 $40 {[%mdl 128] Black has some attack.} 35. Nh3 $2 {[%mdl 8192] [#]} (35. e6 $15) 35... Bxh3 $1 $19 {[%mdl 512] Black is clearly winning.} 36. Qxh3 Bb6 37. Ra2 Ref7 {Played: Rf8-f3} 0-1

[Event "Groningen Festival 2019-A"]
[Site "Groningen"]
[Date "2019.12.23"]
[Round "3.4"]
[White "Fier, Alexandr"]
[Black "Lubbe, Nikolas"]
[Result "0-1"]
[WhiteElo "2528"]
[BlackElo "2451"]
[Annotator "TA"]
[PlyCount "70"]
[EventDate "2019.12.15"]
[EventType "swiss"]
[EventCountry "NED"]
[SourceTitle "playchess.com"]
[Source "ChessBase"]
[SourceQuality "1"]

{[%evp 18,70,21,17,18,16,28,14,13,12,1,0,13,0,0,-18,-10,-21,-16,-15,-17,-25,-18,-18,-18,-18,-18,-18,-17,-17,0,0,0,-28,-28,-28,-28,-38,-31,-27,-26,-54,-55,-89,-83,-72,-89,-355,-4,-14,0,0,0,-29996,-29997]} 1. e4 e5 2. Nf3 Nc6 3. Bb5 a6 4. Ba4 Nf6 5. O-O Be7 6. Re1 b5 7. Bb3 d6 8. a4 Bd7 9. c3 O-O 10. d4 h6 {C90: Closed Ruy Lopez with 7...d6: Early deviations} 11. Bc2 (11. Nbd2 Re8 12. Nf1 Bf8 13. Ng3 Na5 14. Bc2 c5 15. h3 Qc7 16. d5 c4 17. Nh4 g6 18. Be3 Nb7 19. Qd2 Kh7 20. Rf1 Qd8 21. axb5 axb5 22. Rxa8 Qxa8 23. f4 Bg7 {1-0 (43) Caruana,F (2828)-Hansen,E (2615) chess.com INT 2019}) 11... Re8 12. d5 Na5 {The position is equal.} 13. Nbd2 c6 14. b4 Nb7 15. dxc6 Bxc6 16. Bd3 $146 ({Predecessor:} 16. c4 Qb6 17. Bb2 bxa4 18. Bxa4 {1-0 (54) Suran,J (2408)-Lehner,O (2400) Germany 2018}) 16... Bf8 17. c4 bxc4 18. Nxc4 Nxe4 {[%mdl 64] Remove Defender} 19. Bxe4 Bxe4 20. Rxe4 {And now Qd5 would win.} d5 {[%mdl 64] Double Attack} 21. Rxe5 dxc4 22. Qxd8 Rexd8 23. Bd2 Rd3 {...c3 is the strong threat.} 24. Rc1 Rad8 25. Rxc4 Rxf3 {[%mdl 64] Remove Defender} 26. gxf3 {Strongly threatening Bc3.} Rxd2 27. Rc8 {Hoping for Ree8.} Nd8 28. Re1 Ne6 29. Rb1 Kh7 30. b5 axb5 31. axb5 {With the idea b6.} Bc5 $1 {[%cal Rc5f2]} 32. b6 $2 {[%mdl 8192] [#]} (32. Kh1 $17) 32... Bxf2+ $2 (32... Bxb6 $1 $19 {[%mdl 512]} 33. Rxb6 Rd1+ 34. Kg2 Nf4+ 35. Kg3 Nd5 36. Rxh6+ Kxh6) 33. Kh1 {aiming for b7.} Ng5 34. f4 Nf3 {( -> ...Bxb6!)} 35. Rc3 $2 {[%mdl 8192] [#]} (35. Rf1 $11 Nxh2 36. Kxh2 Bxb6+ 37. Kg3) 35... Be3 $1 {[%mdl 512] Accuracy: White = 39%, Black = 61%.} 0-1

[Event "Groningen Festival 2019-A"]
[Site "Groningen"]
[Date "2019.12.23"]
[Round "3.5"]
[White "Davtyan, Artur"]
[Black "Van Foreest, Lucas"]
[Result "1/2-1/2"]
[WhiteElo "2437"]
[BlackElo "2526"]
[Annotator "TA"]
[PlyCount "54"]
[EventDate "2019.12.15"]
[EventType "swiss"]
[EventCountry "NED"]
[SourceTitle "playchess.com"]
[Source "ChessBase"]
[SourceQuality "1"]

{[%evp 10,54,51,43,56,31,33,42,42,7,47,-41,-29,-39,0,-17,0,0,27,-14,-14,-14,0,0,0,0,87,58,85,97,78,55,56,0,11,4,0,-204,0,0,0,0,0,0,0,0,0]} 1. d4 Nf6 2. c4 g6 3. Nc3 Bg7 4. e4 d6 5. Be2 O-O 6. Be3 a5 {[%cal Ba7a5,Ba5a4][%mdl 32] E73: King's Indian: Averbakh Variation without 6...c5} (6... c6 7. h4 h5 8. f3 Na6 9. Nh3 e5 10. d5 cxd5 11. cxd5 Bd7 12. Qd2 Nh7 13. Ng5 Nxg5 14. hxg5 Nc7 {1-0 (62) Fedoseev,V (2681)-Guseinov,G (2654) Riga 2019}) 7. h4 Nc6 $146 ({Predecessor:} 7... h5 8. f3 Nc6 9. Nh3 e5 10. dxe5 Nxe5 11. Ng5 Bd7 12. c5 Bc6 13. cxd6 cxd6 14. Qb3 {0-1 (57) Cagasik,T (2211)-Rambousek,J (1999) Czech Republic 2017}) 8. d5 Ne5 {White is slightly better.} 9. Nh3 c6 (9... a4 $5) 10. Qd2 (10. h5 $14) 10... a4 $15 11. a3 cxd5 12. cxd5 Bxh3 13. Rxh3 Rc8 14. Nxa4 Nxe4 15. Qb4 {[#]} Nc5 $1 {[%mdl 512]} 16. Rd1 {[%cal Ra4c5]} (16. Nxc5 dxc5) 16... Nxa4 17. Qxa4 Nd7 (17... Qd7 $11 {remains equal.} 18. Qxd7 Nxd7) 18. h5 $1 $16 Nf6 19. hxg6 fxg6 20. Kf1 Qc7 21. Qh4 Qc2 22. Bd4 Rf7 23. Bc3 $2 {[#]} (23. Ke1 $11 {and White has nothing to worry.}) 23... Rcf8 $2 (23... g5 $1 $19 {[%cal Rg5h4][%mdl 512]} 24. Qb4 (24. Qxg5 $2 Ne4 $17 {[%mdl 64] Double Attack}) 24... Ne4 {[%mdl 64] Double Attack}) 24. Rd2 $11 {The position is equal.} Qb1+ 25. Rd1 Qc2 26. Rd2 Qb1+ 27. Rd1 Qc2 {Accuracy: White = 45%, Black = 40%.} 1/2-1/2

[Event "Groningen Festival 2019-A"]
[Site "Groningen"]
[Date "2019.12.23"]
[Round "3.6"]
[White "Poetsch, Hagen"]
[Black "Pacher, Milan"]
[Result "1-0"]
[WhiteElo "2522"]
[BlackElo "2427"]
[Annotator "TA"]
[PlyCount "69"]
[EventDate "2019.12.15"]
[EventType "swiss"]
[EventCountry "NED"]
[SourceTitle "playchess.com"]
[Source "ChessBase"]
[SourceQuality "1"]

{[%evp 17,69,0,6,0,0,0,0,0,0,0,0,0,0,-2,86,75,78,86,78,74,85,39,72,75,79,79,89,89,108,76,109,101,260,126,117,119,212,208,198,18,29,0,703,688,835,806,1345,741,6233,4984,29989,29970,5722,1934]} 1. e4 e5 2. Nf3 Nc6 3. Bc4 Bc5 4. c3 Nf6 5. d4 exd4 6. e5 d5 7. Bb5 Ne4 8. cxd4 Bb6 9. Nc3 O-O 10. Be3 {C54: Giuoco Piano: 4 c3 Nf6, main lines with 5 d4 and 5 d3} Bg4 11. h3 Bh5 12. Qc2 {The position is equal.} Ba5 (12... Nxc3 13. bxc3 f6 14. exf6 Qxf6 15. Be2 Na5 16. O-O Bxf3 17. Bxf3 c6 {½-½ (39) Dominguez Perez,L (2763)-Grischuk,A (2759) Khanty-Mansiysk 2019}) 13. O-O Bxf3 14. gxf3 Nxc3 15. bxc3 {[#]} f5 $146 (15... Qd7 $11 {keeps the balance.}) ({Predecessor:} 15... Qd7 16. Bxc6 Qxc6 17. f4 Qg6+ 18. Qxg6 fxg6 {1-0 (50) Anton Guijarro,D (2643)-Svane,R (2610) Skopje 2019}) 16. Kh2 Ne7 17. Rg1 c6 18. Bd3 Qd7 19. Bg5 Kh8 20. Rab1 b5 21. Rg3 $36 {[%mdl 2048] White is really pushing.} Ng6 22. h4 Bd8 23. Rbg1 Bxg5 24. Rxg5 {[%cal Rd3f5]} Nxh4 $2 (24... Qe7 $16 {might work better.}) 25. R1g3 (25. Kg3 $1 $18 {is the precise move to win.}) 25... Qe7 $16 {...f4 is the strong threat.} 26. f4 {Hoping for Rh3.} Ng6 (26... h6 $16 27. Rh5 g6 28. Rxh6+ Kg7 29. Rhxg6+ {[%mdl 64] Remove Defender} Nxg6 30. Bxf5 Rxf5 $1 {[%mdl 512]} 31. Qxf5 Rh8+ 32. Kg2 Rh6) 27. Bxf5 $18 {aiming for Rh3.} Nxf4 {Strongly threatening ...g6.} 28. Rxg7 $2 (28. Bxh7 $18 Qe6 29. Bg6 Nxg6 30. Rxg6 {[%mdl 64] Double Attack}) 28... Rf7 $1 $11 {[%cal Rf7g7]} 29. R7g4 Ne6 $2 {[%mdl 8192]} (29... Qf8 $11) 30. f4 $18 Raf8 {Black hopes to continue with ...Ng7.} 31. Qg2 {Threatening mate with Rg8+.} Ng7 32. Bd3 h5 33. Rg5 a5 34. Qh3 b4 {[#]} 35. e6 $1 {[%mdl 512] Accuracy: White = 63%, Black = 41%.} 1-0

[Event "Groningen Festival 2019-A"]
[Site "Groningen"]
[Date "2019.12.23"]
[Round "3.7"]
[White "Zwirs, Nico"]
[Black "Gleizerov, Evgeny"]
[Result "1-0"]
[WhiteElo "2422"]
[BlackElo "2508"]
[Annotator "TA"]
[PlyCount "61"]
[EventDate "2019.12.15"]
[EventType "swiss"]
[EventCountry "NED"]
[SourceTitle "playchess.com"]
[Source "ChessBase"]
[SourceQuality "1"]

{[%evp 10,61,0,0,12,8,18,20,59,37,44,46,41,44,43,10,10,0,7,-38,0,-7,0,-13,48,33,55,44,68,54,111,118,90,102,199,36,33,22,16,29,33,0,0,-5,45,40,43,63,943,559,12837,12837,29990,29991]} 1. e4 e6 2. d4 d5 3. Nc3 Nf6 4. e5 Nfd7 5. f4 c5 6. Nf3 Be7 {C11: French: Classical System: 4 e5 and 4 Bg5 dxe4} (6... Nc6 7. Be3 cxd4 8. Nxd4 Bc5 9. Qd2 Bxd4 10. Bxd4 Nxd4 11. Qxd4 Qb6 12. Qxb6 Nxb6 13. h4 Bd7 14. h5 h6 15. O-O-O Ke7 16. Bd3 a6 17. Rh3 Na4 18. Ne2 Nc5 19. Nd4 Rac8 20. Rg3 Rhg8 {1-0 (65) Karjakin,S (2750)-Carlsen,M (2882) Saint Louis 2019}) 7. Be3 b6 8. h4 cxd4 $146 {The position is equal.} ({Predecessor:} 8... Nc6 9. h5 O-O 10. h6 g6 11. Qd2 cxd4 12. Nxd4 Nxd4 13. Bxd4 Nb8 14. O-O-O {½-½ (39) Bartel,M (2638)-Tomczak,J (2601) Warsaw 2017}) 9. Qxd4 Nc6 10. Qd2 Bb7 11. O-O-O a6 12. f5 Qc7 13. Bf4 Nc5 14. Kb1 O-O-O {And now ...d4 would win.} (14... d4 $5 15. Nxd4 Rd8 $11) 15. Bd3 Ne4 16. Qe2 exf5 ({Black should try} 16... Nxc3+ $11 17. bxc3 b5) 17. Bxa6 $14 Nxc3+ 18. bxc3 Na5 19. Nd4 Qxc3 {[#]} ({Black should play} 19... g6 $14) 20. Rh3 $1 $16 {[%cal Rh3c3]} Qb4+ {[#]} 21. Ka1 $1 g6 (21... Bc5 $16 {was worth a try.} 22. c3 Bxd4 23. cxd4 Bxa6 24. Qxa6+ Kd7) 22. Bc1 $2 (22. e6 $18 Bf6 23. c3 Nb3+ 24. Nxb3 (24. axb3 Qa3+ 25. Qa2 Qxa2+ 26. Kxa2 Bxa6 $11) 24... Qxf4 25. exf7) 22... Nc4 $14 23. Nc6 $36 {[%mdl 2048] White is more active.} Qc5 24. Nxe7+ Qxe7 25. Bxc4 (25. Bg5 $5 {[%cal Rg5e7]} Qc5 26. Bxc4 (26. Bxd8 Rxd8 27. Bxc4 dxc4 $11) 26... dxc4 27. Rxd8+ Rxd8 28. Bxd8 Kxd8 29. Rh1 $11) 25... dxc4 26. Rxd8+ Qxd8 27. Qxc4+ Qc7 28. Qb4 Kb8 $2 {[%mdl 8192]} ({Not} 28... Bxg2 $2 29. Rc3 $18) (28... Re8 $14) 29. Rc3 Qd7 30. e6 Qd1 31. Qf4+ {Accuracy: White = 61%, Black = 29%.} 1-0

[Event "Groningen Festival 2019-A"]
[Site "Groningen"]
[Date "2019.12.23"]
[Round "3.8"]
[White "Tiviakov, Sergei"]
[Black "Maris, Ivo"]
[Result "1-0"]
[WhiteElo "2615"]
[BlackElo "2413"]
[Annotator "RC"]
[PlyCount "81"]
[EventDate "2019.12.15"]
[EventType "swiss"]
[EventCountry "NED"]
[SourceTitle "playchess.com"]
[Source "ChessBase"]
[SourceQuality "1"]
[TimeControl "40/5400+30:1800+30"]

1. e4 {[%emt 0:00:00]} c6 {[%emt 0:00:00]} 2. Nc3 {[%emt 0:00:01]} d5 {[%emt 0:00:00]} 3. Nf3 {[%emt 0:00:05]} dxe4 {[%emt 0:00:17]} 4. Nxe4 {[%emt 0:00:07]} Nf6 {[%emt 0:00:12]} 5. Nxf6+ {[%emt 0:04:24]} exf6 {[%emt 0:00:06]} 6. d4 {[%emt 0:00:03]} Bd6 {[%emt 0:00:17]} 7. Be2 {[%emt 0:00:20]} O-O {[%emt 0:00:22]} 8. O-O {[%emt 0:00:04]} Re8 {[%emt 0:01:19]} 9. Re1 {[%emt 0:01:53]} Nd7 {[%emt 0:02:42]} 10. c4 {[%emt 0:02:15]} Nf8 {[%emt 0:02:05]} 11. Be3 {[%emt 0:05:40]} Ng6 {[%emt 0:02:33]} 12. Qc2 {[%emt 0:02:05]} Nf4 {[%emt 0:03:37]} 13. Bf1 {[%emt 0:12:15]} Bg4 {[%emt 0:10:43]} 14. Nd2 {[%emt 0:00:55]} Qd7 {[%emt 0:05:43]} 15. f3 {[%emt 0:32:41]} Bf5 {[%emt 0:02:16]} 16. Qc3 {[%emt 0:00:11]} h5 {[%emt 0:06:48]} 17. Bf2 {[%emt 0:02:15]} Bc7 {[%emt 0:04:34]} 18. Ne4 {[%emt 0:06:00]} Rad8 {[%emt 0:06:28]} 19. b4 {[%emt 0:06:08]} Bb8 {[%emt 0:01:30]} 20. Nc5 {[%emt 0:12:00]} Qc7 {[%emt 0:01:11]} 21. g3 {[%emt 0:00:05]} Nh3+ {[%emt 0:07:07]} 22. Bxh3 {[%emt 0:00:05]} Bxh3 {[%emt 0:00:04]} 23. Rxe8+ {[%emt 0:00:06]} Rxe8 {[%emt 0:00:02]} 24. Re1 {[%emt 0:00:05]} Qc8 {[%emt 0:01:16]} 25. Rxe8+ {[%emt 0:02:14]} Qxe8 {[%emt 0:00:23]} 26. Be3 {[%emt 0:01:42]} f5 {[%emt 0:06:21]} 27. Kf2 {[%emt 0:01:19]} f4 {[%emt 0:01:26]} 28. Bxf4 {[%emt 0:01:38]} Bxf4 {[%emt 0:00:06]} 29. gxf4 {[%emt 0:00:02]} Qe7 {[%emt 0:00:12]} 30. d5 {[%emt 0:04:26]} Qh4+ {[%emt 0:09:36]} 31. Ke3 {[%emt 0:00:05]} g5 {[%emt 0:00:08]} 32. Nd3 {[%emt 0:02:24]} gxf4+ {[%emt 0:08:04]} 33. Nxf4 {[%emt 0:00:04]} Qg5 {[%emt 0:00:01]} 34. Qd2 {[%emt 0:00:35]} Qg1+ {[%emt 0:00:12]} 35. Ke4 {[%emt 0:00:45]} Qg5 {[%emt 0:03:03]} 36. d6 {[%emt 0:01:39]} f6 {[%emt 0:00:01]} 37. Kd3 {[%emt 0:00:37]} Bf1+ {[%emt 0:01:45]} 38. Kc3 {[%emt 0:00:35]} Qe5+ {[%emt 0:00:07]} 39. Kb3 {[%emt 0:00:19]} b5 {[%emt 0:04:39]} 40. d7 {[%emt 0:00:05]} bxc4+ {[%emt 0:00:41]} 41. Ka3 {[%emt 0:30:08]} 1-0

[Event "Groningen Festival 2019-A"]
[Site "Groningen"]
[Date "2019.12.23"]
[Round "3.9"]
[White "Maatman, Nick"]
[Black "Kokje, Joris"]
[Result "1/2-1/2"]
[WhiteElo "2400"]
[BlackElo "2222"]
[Annotator "TA"]
[PlyCount "81"]
[EventDate "2019.12.15"]
[EventType "swiss"]
[EventCountry "NED"]
[SourceTitle "playchess.com"]
[Source "ChessBase"]
[SourceQuality "1"]

{[%evp 13,81,29,29,18,24,37,32,35,28,22,41,35,38,32,40,38,34,37,86,59,58,64,62,69,119,130,123,111,130,141,181,177,207,207,210,115,95,78,79,79,72,0,52,0,0,0,0,0,0,0,0,0,0,0,0,0,0,0,0,0,0,0,0,0,0,0,0,0,0,0]} 1. d4 Nf6 2. c4 g6 3. Nc3 Bg7 4. e4 d6 5. Be2 O-O 6. h4 c5 7. d5 b5 8. cxb5 {E73: King's Indian: Averbakh Variation without 6...c5} a6 $1 9. a4 (9. bxa6 Bxa6 10. h5 Bxe2 11. Ngxe2 Nxh5 12. f3 Nd7 13. Kf2 Rb8 14. Rb1 c4 15. g4 Nhf6 {1-0 (40) Jobava,B (2627)-Yuffa,D (2572) St Petersburg 2018}) 9... axb5 10. Bxb5 {White is slightly better.} Ba6 11. Bd2 Bxb5 $146 ({Predecessor:} 11... Nbd7 12. Nf3 Qb6 13. O-O Bxb5 {1-0 (32) Ruckschloss,K (2215)-Balogh,P (2267) Slovakia 2018}) 12. axb5 Nbd7 13. Nf3 Qb6 14. O-O Rxa1 15. Qxa1 Ne8 16. Bg5 $36 {[%mdl 2048] White has the initiative.} Nc7 17. Bxe7 Ra8 18. Qd1 Nxb5 19. Nxb5 Qxb5 20. Bxd6 Bxb2 21. Qc2 c4 22. Rb1 Ra1 23. Rxa1 Bxa1 {[#]} 24. Qa2 ({White should try} 24. e5 $1 $18 Qxd5 25. Qa4 {[%mdl 64] Double Attack} Bxe5 26. Bxe5) 24... Bg7 $16 25. Qa8+ Nf8 {[#]} 26. Kh2 $1 {Strongly threatening Qc6.} c3 27. Qc8 (27. Bf4 $16) 27... Qb2 (27... Qd3 $11) 28. Bf4 (28. Kg3 $14) 28... Qxf2 $11 {The position is equal.} 29. d6 Qa7 30. Qc7 Qa4 31. Be5 {Threatens to win with Bxg7.} Qxe4 32. Bxg7 {White wants to mate with Bh6.} Qf4+ 33. Kh3 {aiming for Bxf8.} Kxg7 34. Qxc3+ Qf6 35. Qd2 Nd7 36. Kh2 h6 37. Qd5 Qf4+ 38. Kg1 Qe3+ 39. Kh2 Qf4+ 40. Kg1 Qe3+ 41. Kh2 {Accuracy: White = 71%, Black = 73%.} 1/2-1/2

[Event "Groningen Festival 2019-A"]
[Site "Groningen"]
[Date "2019.12.23"]
[Round "3.10"]
[White "Varshini, V."]
[Black "Kollen, Zyon"]
[Result "1-0"]
[WhiteElo "2227"]
[BlackElo "2347"]
[Annotator "TA"]
[PlyCount "71"]
[EventDate "2019.12.15"]
[EventType "swiss"]
[EventCountry "NED"]
[SourceTitle "playchess.com"]
[Source "ChessBase"]
[SourceQuality "1"]

{[%evp 16,71,31,21,57,6,21,0,55,9,11,17,46,47,37,51,38,37,120,112,119,104,105,105,112,120,124,70,183,0,76,0,0,0,0,0,0,-23,0,-16,25,16,16,-16,24,0,9,8,2,8,9,0,112,121,1666,1235,29986,29987]} 1. e4 e6 2. d4 d5 3. Nd2 Be7 4. Ngf3 Nf6 5. e5 Nfd7 6. Bd3 c5 7. c3 Nc6 8. O-O g5 9. dxc5 Ncxe5 {C06: French Tarrasch: 3...Nf6 4 e5 Nfd7 5 Bd3 main lines} (9... Ndxe5 10. Bc2 Ng6 11. b4 O-O 12. Re1 f5 13. Nb3 g4 14. b5 gxf3 15. bxc6 bxc6 16. Qxf3 e5 17. Bh6 {1-0 (51) Mista,A (2595)-Bartel,M (2604) Warsaw 2018}) 10. Bb5 (10. Bc2 $14) 10... O-O $146 ({Predecessor:} 10... Ng6 11. Nb3 O-O 12. Re1 g4 13. Bxd7 Bxd7 14. Ne5 Nxe5 15. Rxe5 Kh8 16. Qxg4 Rg8 17. Qh3 {0-1 (39) Lujan,C (2376)-Cori Tello,D (2389) Villa Martelli 2017}) 11. b4 Bf6 (11... a6 $11 12. Be2 Bf6) 12. Nb3 (12. Nxg5 $5 Ng6 13. Ndf3 $14) 12... Nxf3+ 13. Qxf3 Ne5 14. Qg3 Ng6 15. f4 gxf4 16. Bxf4 e5 ({Black should try} 16... Bh4 $14 17. Qe3 Nxf4 18. Qxf4 (18. Rxf4 Bg5 $11) 18... f5) 17. Bh6 $16 Bg7 18. Bxg7 Kxg7 19. Rad1 Be6 {[#]} 20. Bc4 $1 a5 21. Bxd5 (21. bxa5 $16 f5 22. a6) 21... Bxd5 $14 22. c4 $2 (22. bxa5 $18 {Hoping for c4!} b5 23. axb6) 22... axb4 (22... Bxc4 $11 {keeps the balance.} 23. Rxd8 Rfxd8) 23. Rxd5 ({Better is} 23. Rf2 $16) 23... Qe7 $1 $11 24. Rf2 Ra6 25. Rfd2 Rfa8 26. Qf2 Qe6 27. Rd6 Qe7 28. Rd7 Qe6 $1 29. R7d6 Qe7 30. Rd7 {[%cal Bd6d7,Bd7b7,Bb7b6][%mdl 32]} Qe6 $1 {[#] aiming for ...Rxa2!} 31. Rxb7 Qxc4 32. Rb6 $36 {[%mdl 2048] And now Qf6+ would win. White is more active.} Nf4 33. Qg3+ Kh8 (33... Ng6 $11) 34. Qg5 $16 Nh3+ $2 {[%mdl 8192]} (34... Ne2+ $16 35. Kf2 (35. Kh1 Qf4 $11) 35... Qf4+ 36. Qxf4 Nxf4) 35. gxh3 $18 {Intending Rg2 and mate.} Rg8 36. Rd8 {Accuracy: White = 36%, Black = 54%.} 1-0

[Event "Groningen Festival 2019-A"]
[Site "Groningen"]
[Date "2019.12.23"]
[Round "3.11"]
[White "De Jong, Migchiel"]
[Black "Grutter, Tim"]
[Result "1/2-1/2"]
[WhiteElo "2326"]
[BlackElo "2214"]
[Annotator "TA"]
[PlyCount "76"]
[EventDate "2019.12.15"]
[EventType "swiss"]
[EventCountry "NED"]
[SourceTitle "playchess.com"]
[Source "ChessBase"]
[SourceQuality "1"]

{[%evp 11,76,35,45,43,42,43,31,36,45,28,27,7,20,8,22,0,0,0,0,-6,0,-14,-8,-18,0,0,0,-17,-19,-19,-14,-26,0,0,0,0,0,-8,-6,-10,-2,-11,-3,-3,-3,-11,7,5,4,5,10,3,10,0,0,0,34,34,34,34,34,34,34,33,37,37,37]} 1. e4 c5 2. Nf3 Nc6 3. Nc3 Nf6 4. Bb5 Qc7 5. O-O Nd4 6. Re1 a6 7. Bf1 {B30: Sicilian: 2...Nc6 3 Bb5, lines without ...g6} Ng4 {[#] ( -> ...Nxf3+)} 8. g3 {Hoping for Nxd4.} (8. e5 Nxf3+ 9. Qxf3 Nxe5 10. Qh5 Ng6 11. Nd5 Qd6 12. d4 cxd4 13. Bd2 e6 14. Ba5 b6 15. Bxb6 {1-0 (28) Harikrishna,P (2730)-Duda,J (2731) Prague 2019}) 8... Nxf3+ 9. Qxf3 {Black must now prevent Nd5.} Ne5 10. Qd1 (10. Qe2 {is interesting.} h5 11. Nd5 Qd8 12. d4 cxd4 13. Bf4) 10... e6 11. d3 $146 ({Predecessor:} 11. Bg2 Be7 12. a4 O-O 13. d3 {½-½ (47) Daroczy,S (2065)-Morokova,L (2376) ICCF email 2013}) 11... d6 12. Bg2 Be7 13. a4 O-O 14. f4 Nc6 15. Be3 b6 16. Qd2 Bb7 17. g4 Rac8 18. g5 Nd4 19. Ne2 Nxe2+ 20. Qxe2 d5 21. Qg4 f5 22. Qh3 Bd6 {[%cal Rd5e4]} 23. e5 Be7 24. c3 Bc6 25. d4 c4 26. Reb1 b5 27. axb5 axb5 28. b4 Ra8 29. Bf3 Ra7 30. Qg2 Rfa8 31. Qb2 Qb7 32. Bd1 Ra6 33. Bc1 R8a7 34. Rxa6 {White is slightly better.} Qxa6 35. Qc2 Qb7 36. Bb2 Qa8 37. Qc1 Ra2 38. Ra1 Rxa1 {Accuracy: White = 44%, Black = 74%.} 1/2-1/2

[Event "Groningen Festival 2019-A"]
[Site "Groningen"]
[Date "2019.12.23"]
[Round "3.12"]
[White "Woong, Zhi Wei William"]
[Black "Gomes, Mary Ann"]
[Result "0-1"]
[WhiteElo "2222"]
[BlackElo "2324"]
[Annotator "TA"]
[PlyCount "64"]
[EventDate "2019.12.15"]
[EventType "swiss"]
[EventCountry "NED"]
[SourceTitle "playchess.com"]
[Source "ChessBase"]
[SourceQuality "1"]

{[%evp 18,64,18,18,19,20,20,20,104,45,46,36,56,63,55,39,56,51,55,54,55,7,29,0,0,-25,-25,-25,-25,-38,-29,-68,-46,-90,-90,-134,-132,-124,-128,-151,-156,-148,-145,-205,-145,-308,-300,-527,-537]} 1. e4 c5 2. Nf3 d6 3. Bb5+ Nd7 4. c3 Ngf6 5. Qe2 a6 6. Ba4 b5 7. Bc2 e5 8. O-O Be7 9. d4 O-O 10. Rd1 Qc7 {B51: Sicilian: Moscow Variation (3 Bb5+) without 3...Bd7} 11. a4 b4 (11... Rb8 12. axb5 axb5 13. Na3 Ba6 14. d5 Qb7 15. b4 Bd8 16. Bd3 Ra8 17. Bg5 c4 18. Bc2 {½-½ (30) Caruana,F (2808)-Vachier Lagrave,M (2731) Saint Louis 2015}) 12. d5 $146 ({Predecessor:} 12. dxe5 Nxe5 13. Nxe5 dxe5 14. Nd2 bxc3 15. bxc3 c4 16. Qxc4 {0-1 (62) Popovic,D (2579)-Cheparinov,I (2677) Helsingor 2012}) 12... Re8 (12... a5 $11) 13. Nbd2 (13. a5 $16) 13... a5 $14 14. Bd3 Nf8 15. Nc4 Ng6 16. h3 Nh5 17. Qc2 Nhf4 18. Bf1 Ba6 19. Bxf4 (19. cxb4 {with more complications.} axb4 20. g3 Nh5 21. b3 Nf8 22. Ne3) 19... Bxc4 (19... exf4 {looks sharper.} 20. Ncd2 Bxf1 21. Rxf1 Rab8 22. Nc4 Bf6) 20. Bxc4 (20. Be3 {feels hotter.} Bxf1 21. Rxf1 Reb8 22. Nd2 Qd8 23. Nc4) 20... exf4 21. Bf1 Bf6 22. Nd2 Ne5 23. cxb4 axb4 24. Rac1 Qe7 25. Re1 {[#]} f3 $1 {[%mdl 512]} 26. Nxf3 Nxf3+ 27. gxf3 Be5 28. Bb5 Qg5+ {[%mdl 1024] Black has strong compensation.} 29. Kf1 Re7 30. Ke2 {[#]} (30. Rcd1 $17) 30... f5 $1 {[%mdl 512]} 31. Bd3 $2 (31. Kd1 $17 {keeps fighting.}) (31. exf5 b3) 31... Qh5 $19 ({Don't play} 31... fxe4 32. Bxe4 Bd4 33. b3 $19) 32. b3 $2 (32. Kd1) 32... Bc3 {Accuracy: White = 29%, Black = 69%.} 0-1